000 00298nam a22001337a 4500
020 _a81-89261-33-9
082 _a574
_bARO/D
100 _aARORA, M.G
245 _aDICTIONARY OF BIOLOGYDELHI
260 _aDELHI
_bK.S.PAPERBACKS
300 _a434
650 _aBIOLOGY REFERENCE
_zINDIA
942 _cBK
999 _c1388
_d1388